000 01393cam a2200277 4500
001 ABS66628
008 030415n2003 000 0 eng u
035 _a(Sirsi) u122008
100 _aNixon, T.
245 _aTo predict the past
260 _c2003
490 _aEstates Gazette
_v(0312) 22 March 2003, 116-118(3)
520 _aFirst part "To predict the past" looks at how technology can help developers avoid costly surprises when ancient remains are found on a development site. Encourages the use of predictive databases, such as the Sites and Monuments Record, and global positioning systems. It also recommends the development of good communication between professionals, the utilisation of risk appraisal systems and putting details online. Second part "Can you dig what we say?" deals with revised guidelines on archaeology Planning Policy Statement PPS15 which will combine the guidance of PPG15 and PPG16 so that archaeology becomes an integral part of every planning application.
590 _aABS
650 _aARCHAEOLOGICAL SITES
650 _aPPG15
650 _aPPG16
650 _aPLANNING POLICY STATEMENT 15
650 _aGPS
650 _aGLOBAL POSITIONING SYSTEMS
650 _aSITES AND MONUMENTS RECORD
650 _aANCIENT REMAINS
690 _aENVIRONMENTAL AND LAND CONSULTANCY-PLANNING AND DEVELOPMENT
700 _aAllen, C.
942 _n0
999 _c72505
_d72505